| 000 | 00357nam a2200145Ia 4500 | ||
|---|---|---|---|
| 008 | 240624s9999 xx 000 0 und d | ||
| 041 | _aeng | ||
| 082 | _a338.5 BES | ||
| 100 | _aBESANKO DAVID | ||
| 245 | _aMICROECONOMICS STUDY GUIDE | ||
| 250 | _a(3rd ed.) | ||
| 260 |
_c2008 _aUSA _bJohn Wiley and Sons |
||
| 300 | _a572 : p. : cm. ; 25 | ||
| 365 |
_c _b30 |
||
| 999 |
_c11689 _d11689 |
||